000 01021cab a2200265 4500
001 WB3024-44
008 090401t1994 xxu||||| |||| 00| 0 eng d
035 _a(Sirsi) u76020
041 _aeng
245 _aProviding names and addresses
260 _c1994
350 _a0
490 _aEstates Gazette
_v(9424) 18 June 1994, 148(1)
520 _aDiscusses the requirements under various legislation for a landlord to ensure that residential tenants have, at least, a point of contact with their landlords.
650 _aADDRESSES
650 _aCAMBRIDGE CC V FAULKNER
650 _aDALLHOLD ESTATES (UK) PTY V LINDSEY TRADING PROPERTIES INC
650 _aLANDLORD AND TENANT ACT 1985 S3
650 _aLANDLORD AND TENANT ACT 1987 S47
650 _aREGISTERED ADDRESS
650 _aPROPERTY-RESIDENTIAL PROPERTY-RESIDENTIAL LANDLORD AND TENANT-RESIDENTIAL TENANCIES
690 _aPROPERTY-RESIDENTIAL PROPERTY-RESIDENTIAL LANDLORD AND TENANT-RESIDENTIAL TENANCIES
942 _n0
948 _c04/03/1997
999 _c47831
_d47831